Mario Tennis (Nintendo 64) - Personnages [avec image] - Statistiques

Statistiques générales
  • Ce quiz a été pris 28 fois
  • Le résultat moyen est 15 sur 20
Statistiques - réponses
Par images Réponse % Correct
Boo
100%
Donkey Kong
100%
Luigi
100%
Mario
100%
Princesse Daisy
100%
Princesse Peach
100%
Toad
100%
Wario
100%
Yoshi
100%
Bébé Mario
94%
Bowser
94%
Waluigi
94%
Birdo
78%
Maskass
78%
Donkey Kong Jr.
61%
Paratroopa
61%
Alex
11%
Harry
11%
Kate
11%
Nina
11%
Aucun quiz correspondant
Distribution des résultats
% des personnes avec chaque résultat
Percentile par nombre de réponses
Votre historique - résultats
Vous n’avez pas pris ce quiz